Introduction to the study of Shakespeare / (Record no. 186695)

000 -LEADER
fixed length control field 01023 a2200169 4500
003 - CONTROL NUMBER IDENTIFIER
control field Nust
005 - DATE AND TIME OF LATEST TRANSACTION
control field 20230123132941.0
040 ## - CATALOGING SOURCE
Transcribing agency Nust
082 ## - DEWEY DECIMAL CLASSIFICATION NUMBER
Classification number 822.23,COR
100 ## - MAIN ENTRY--PERSONAL NAME
Personal name Corson,Hiram
9 (RLIN) 107451
245 ## - TITLE STATEMENT
Title Introduction to the study of Shakespeare /
Statement of responsibility, etc. Hiram Corson
260 ## - PUBLICATION, DISTRIBUTION, ETC.
Place of publication, distribution, etc. Chicago
Name of publisher, distributor, etc. D.C. Heath & co
300 ## - PHYSICAL DESCRIPTION
Extent 396:p
505 ## - FORMATTED CONTENTS NOTE
Formatted contents note Introduction (Page-3), The Shakespeare-Bacon controversy (Page-25), The Authenticity of The First Folio (Page-32), The Chronology of the Plays (Page-48), Shakespeare’s Verse (Page-51), Distinctive Use of Verse and Prose in Shakespeare’s Plays (Page-83), Dramatic (Page-99), Romeo and Juliet (Page-112), The Commentary on Romeo and Juliet (Page-145), King John (Page-158), Much Ado About Nothing (Page-176), Hamlet (Page-194), The Witch Agency in Macbeth (Page-223), Lady Macbeth’s Relations to Macbeth (Page-244), Antony and Cleopatra (Page-244), Jottings on the Text of Hamlet (Page-316), Miscellaneous Notes (Page-358).
650 ## - SUBJECT ADDED ENTRY--TOPICAL TERM
Topical term or geographic name entry element Drama
9 (RLIN) 107452
942 ## - ADDED ENTRY ELEMENTS (KOHA)
Source of classification or shelving scheme
Koha item type Book
Holdings
Withdrawn status Lost status Source of classification or shelving scheme Damaged status Not for loan Permanent Location Current Location Shelving location Date acquired Full call number Barcode Date last seen Price effective from Koha item type Public note
          Military College of Signals (MCS) Military College of Signals (MCS) General Stacks 12/12/2016 822.23,COR MCS29639 12/08/2016 12/12/2016 Book Almirah No.57, Shelf No.4
© 2023 Central Library, National University of Sciences and Technology. All Rights Reserved.